000 00312nam a2200097Ia 4500
082 _a658.323 LEE
245 0 _aHr metrics : practical measurement tools for people management
100 _a Lee, Gregory John randburg, South Africa, 2011
_932569
942 _cBK
008 210817s9999 xx 000 0 und d
999 _c119715
_d119714